000 01855nab a2200277 a 4500
005 20250924063910.0
008 991125c2016 sp fr p o 000 0 spa d
035 _aUPN01000213263
040 _aUPN
_bspa
_cUPN
_eaacr2
049 _aART-E
100 1 _aMira Giménez, Mario Jesús
_6- mariojmira@gmail.com
245 1 0 _aAprender lenguas con el e-PEL en la EOI
506 0 _aAcceso abierto
520 3 _aEl objetivo de este artículo consiste en el análisis del e - PEL como herramienta de aprendizaje lingüístico y estratégico, para lo cual se realizó una investigación en la EOI (Escuela Oficial de Idiomas) de Alicante en dos grupos de alumnos de alemán de tercer curso (nivel B1.1). Asimismo, se pretende averiguar si el e - PEL se adecua como instrumento de evaluación formativa y sumativa de aprendizajes lingüísticos. Se ha optado por una combinación de metodología cuantitativa y cualitativa, para el análisis de todas las variables que intervienen en el proceso de aprendizaje. Al final del estudio se ha constatado que las calificaciones del grupo experimental han registrado una subida ligeramente mayor que las del grupo de control. El resultado de la investigación ha sido que el e - PEL es una herramienta pedagógica útil, pero la vertiente tecnológica necesita mejoras.
650 4 _aTecnologías de la información y comunicación
_921219
650 2 _aInformática educativa
_915387
650 4 _aEducación permanente
_97280
650 4 _aEducación de adultos
_9956
650 4 _aEducación superior
_932
653 0 _a
773 _gVol. 31, no. 1 (2016), p. 27-39
_tEnsayos : revista de la Facultad de Educación de Albacete
_x2171-9098
856 4 _uhttps://revista.uclm.es/index.php/ensayos/article/view/ensayos.v31i1.824
902 _aGloria Jiménez/130225
905 _aArticulo
942 _cART-E
999 _c185363
_d185363